| 000 | 00637nam 2200205 4500 | ||
|---|---|---|---|
| 001 | 2396 | ||
| 010 | _a978-2-940235-42-1 | ||
| 090 | _a2396 | ||
| 100 | _a20190729k u||y0frey50 ba | ||
| 101 | _afre | ||
| 200 |
_aRacoleuses et proxénètes _bBrochure _eprostitution clandestine à Genève à la fin du XIXe siècle _fSébastien Bourquin |
||
| 210 |
_aNeuchâtel _d2008 |
||
| 215 |
_a141 p. _cfac-sim. _d21 cm |
||
| 225 | _aHistoire et société | ||
| 300 | _aBibliogr. | ||
| 606 |
_92058 _aTravail du sexe |
||
| 606 |
_93097 _a19e siècle |
||
| 607 |
_9403 _aGenève (Canton) |
||
| 700 |
_93413 _aBourquin _bSébastien _f1976- |
||
| 801 |
_aCH _bCH-002049-8 |
||